Clamp down on parking (Record no. 63633)
[ view plain ]
| 000 -LEADER | |
|---|---|
| fixed length control field | 00833cam a2200229 4500 |
| 001 - CONTROL NUMBER | |
| control field | ABS62369 |
| 008 - FIXED-LENGTH DATA ELEMENTS--GENERAL INFORMATION | |
| fixed length control field | 000000n2000 000 0 eng u |
| 035 ## - SYSTEM CONTROL NUMBER | |
| System control number | (Sirsi) u106251 |
| 100 ## - MAIN ENTRY--PERSONAL NAME | |
| Personal name | Levy, D. |
| 245 ## - TITLE STATEMENT | |
| Title | Clamp down on parking |
| 260 ## - PUBLICATION, DISTRIBUTION, ETC. | |
| Date of publication, distribution, etc. | 2000 |
| 490 ## - SERIES STATEMENT | |
| Series statement | Estates Gazette |
| Volume/sequential designation | (0019) 13 May 2000, 142(1) |
| 520 ## - SUMMARY, ETC. | |
| Summary, etc. | "Vine v Waltham Forest LBC" 2000 upholds a landlord's right to clamp trespassing vehicles, but only when the correct procedures are followed. These include the display of clear warning notices of the clamping of unauthorised vehicles, reasonable release fees, and quick release upon payment of the fee. |
| 590 ## - LOCAL NOTE (RLIN) | |
| Local note | ABS |
| 650 ## - SUBJECT ADDED ENTRY--TOPICAL TERM | |
| Topical term or geographic name entry element | VINE V WALTHAM FOREST LBC |
| 650 ## - SUBJECT ADDED ENTRY--TOPICAL TERM | |
| Topical term or geographic name entry element | PRIVATE LAND |
| 650 ## - SUBJECT ADDED ENTRY--TOPICAL TERM | |
| Topical term or geographic name entry element | TRESPASS |
| 650 ## - SUBJECT ADDED ENTRY--TOPICAL TERM | |
| Topical term or geographic name entry element | CLAMPING |
| 650 ## - SUBJECT ADDED ENTRY--TOPICAL TERM | |
| Topical term or geographic name entry element | PARKING |
| 690 ## - LOCAL SUBJECT ADDED ENTRY--TOPICAL TERM (OCLC, RLIN) | |
| Topical term or geographic name as entry element | PROPERTY |
| 942 ## - ADDED ENTRY ELEMENTS (KOHA) | |
| Suppress in OPAC | 0 |
| Withdrawn status | Lost status | Source of classification or shelving scheme | Damaged status | Not for loan | Home library | Current library | Shelving location | Date acquired | Total Checkouts | Full call number | Barcode | Date last seen | Copy number | Price effective from | Koha item type |
|---|---|---|---|---|---|---|---|---|---|---|---|---|---|---|---|
| Dewey Decimal Classification | London | London | Journal article | 05/06/2000 | ABS62369 | 106251-1001 | 06/08/2019 | 1 | 06/08/2019 | Journal article |